000 00572nam a22001457a 4500
005 20241221111641.0
008 241004b |||||||| |||| 00| 0 eng d
050 _aDPer050 M72 January-March 2018 v. 66 no. 8-10
100 _aCabrera, Vilma C.
_eauthor.
_962229
245 _aTransparency :
_bthe key element to encourage school community stakeholders /
_cVilma C. Cabrera.
260 _aPhilippines;
_bPublishers Association of the Philippines, Inc.,
_cJanuary 2019.
300 _aVolume 66, pages 306.
700 _aCabrera, Vilma C.
_eauthor.
_962230
942 _2ddc
_cPER
999 _c22202
_d22202